Relationship of seed weight and seedling vigour in Hevea (Record no. 48961)

MARC details
000 -LEADER
fixed length control field 00397nam a2200145Ia 4500
100 ## - MAIN ENTRY--AUTHOR NAME
Personal name Saraswathyamma C.K.
245 #0 - TITLE STATEMENT
Title Relationship of seed weight and seedling vigour in Hevea
260 ## - PUBLICATION, DISTRIBUTION, ETC. (IMPRINT)
Name of publisher Rubber Board Bulletin
Year of publication 1976
300 ## - PHYSICAL DESCRIPTION
Number of Pages 28-29
650 ## - SUBJECT ADDED ENTRY--TOPICAL TERM
Topical Term Rubber seed weight
650 ## - SUBJECT ADDED ENTRY--TOPICAL TERM
Topical Term Seedling growth
700 ## - ADDED ENTRY--PERSONAL NAME
Personal name Nair V.K.B.
942 ## - ADDED ENTRY ELEMENTS (KOHA)
Koha item type Bibliography STAF
Holdings
Withdrawn status Lost status Damaged status Not for loan Home library Current library Shelving location Date acquired Serial Enumeration / chronology Koha item type
      Bibliography RRII Library RRII Library Botany 09/04/2014 Volume 13, Issue Bibliography STAF